00421nam a2200157Ia 4500008004100000020001500041041001200056082001600068100001700084245008300101250000800184260002500192300000800217650001600225700002200241221030s9999 xx 000 0 und d a8120311047 aEnglish a105.23bRaj aV. Rajaraman 3aAn introduction to digital Computer Designcby V. Rajaraman, T. Radhakrishanna a4th bPHIaNew Delhic1998 a522 aBE Computer aT. Radhakrishanna